000 00823cam a22002774a 4500
001 1219
005 20230808142218.0
008 030826s2004 nyua b 001 0 eng
020 _a0516236091
040 _aDLC
_cDLC
_dDLC
_beng
050 0 0 _aQC225.5
_b.T78 2004
082 0 0 _a534/.078
_222
100 1 _aTrumbauer, Lisa,
_d1963-
245 1 0 _aAll about sound /
_cby Lisa Trumbauer.
260 _aNew York :
_bChildren's Press,
_c2004.
300 _a31 pages :
_bcolor illustrations ;
_c19 cm.
500 _aIncludes index.
505 _aF
520 _aAn introduction to the sources and characteristics of sound.
521 _a400
_bLexile
521 _aF
_bRaz-Plus
650 0 _aSound
_vJuvenile literature.
650 1 _aSound.
906 _a7
_bcbc
_corignew
_d1
_eecip
_f20
_gy-gencatlg
942 _2ddc
_cBK
_n0
999 _c1219
_d1219